iOS hacker's handbook (Record no. 52763)
[ view plain ]
| 000 -LEADER | |
|---|---|
| fixed length control field | 01976nam a2200373 a 4500 |
| 082 04 - DEWEY DECIMAL CLASSIFICATION NUMBER | |
| Classification number | 005.8 |
| 245 00 - TITLE STATEMENT | |
| Title | iOS hacker's handbook |
| 260 ## - PUBLICATION, DISTRIBUTION, ETC. (IMPRINT) | |
| Place of publication | Indianapolis, Ind. : |
| Name of publisher | Wiley, |
| Year of publication | c2012. |
| 300 ## - PHYSICAL DESCRIPTION | |
| Number of Pages | xx, 388 p. : |
| Other physical details | ill. |
| 505 0# - FORMATTED CONTENTS NOTE | |
| Formatted contents note | iOS security basics -- iOS in the enterprise -- Encryption -- Code signing and memory protections -- Sanboxing -- Fuzzing iOS applications -- Exploitation -- Return-oriented programming -- Kernel debugging and exploitation -- Jailbreaking -- Baseband attacks. |
| 520 ## - SUMMARY, ETC. | |
| Summary, etc | "The world loves iOS. Users love the convenience. Black hats love the vulnerability. This book arms you with the knowledge and tools to protect your organization's iOS devices. If you're a developer, it will also help you create hack-resistant applications."--P. [4] of cover-- |
| 650 #0 - SUBJECT ADDED ENTRY--TOPICAL TERM | |
| Topical Term | Operating systems (Computers) |
| Topical Term | Application software |
| Topical Term | Application software |
| 700 1# - ADDED ENTRY--PERSONAL NAME | |
| Personal name | Miller, Charles, |
| 856 40 - ELECTRONIC LOCATION AND ACCESS | |
| Uniform Resource Identifier | http://site.ebrary.com/lib/rucke/Doc?id=10630494 |
| 520 ## - SUMMARY, ETC. | |
| -- | Source other than Library of Congress. |
No items available.
